[Event "Blitz 2018"]
[Site "Saint-Petersburg"]
[Date "2018.12.29"]
[Round "3"]
[Board "20"]
[White "Tsatsalashvili Keti (GEO)"]
[Black "Skripchenko Almira (FRA)"]
[Result "1-0"]
[BlackElo "2396"]
[WhiteElo "2211"]
[LiveChessVersion "1.4.8"]

1. d4 {[%clk 0:03:00]} d6 {[%clk 0:03:03]} 2. Nf3 {[%clk 0:03:01]} g6
{[%clk 0:03:03]} 3. c4 {[%clk 0:03:01]} Bg7 {[%clk 0:03:04]} 4. Nc3
{[%clk 0:03:00]} Nd7 {[%clk 0:03:02]} 5. e4 {[%clk 0:03:00]} e5 {[%clk 0:03:03]}
6. Be2 {[%clk 0:03:00]} Ngf6 {[%clk 0:03:03]} 7. O-O {[%clk 0:02:59]} O-O
{[%clk 0:03:04]} 8. Be3 {[%clk 0:02:59]} Ng4 {[%clk 0:02:54]} 9. Bg5
{[%clk 0:02:59]} f6 {[%clk 0:02:54]} 10. Bh4 {[%clk 0:03:00]} Nh6
{[%clk 0:02:55]} 11. d5 {[%clk 0:02:46]} g5 {[%clk 0:02:12]} 12. Bg3
{[%clk 0:02:46]} f5 {[%clk 0:02:12]} 13. exf5 {[%clk 0:02:46]} Nxf5
{[%clk 0:02:13]} 14. Ne4 {[%clk 0:02:46]} h6 {[%clk 0:02:11]} 15. Rc1
{[%clk 0:02:24]} b6 {[%clk 0:02:00]} 16. h3 {[%clk 0:02:12]} a5 {[%clk 0:01:59]}
17. Nh2 {[%clk 0:02:06]} Nd4 {[%clk 0:01:55]} 18. Bg4 {[%clk 0:01:59]} Nc5
{[%clk 0:01:48]} 19. Nxc5 {[%clk 0:01:47]} bxc5 {[%clk 0:01:48]} 20. Bxc8
{[%clk 0:01:44]} Qxc8 {[%clk 0:01:48]} 21. f3 {[%clk 0:01:41]} Qf5
{[%clk 0:01:32]} 22. Be1 {[%clk 0:01:39]} a4 {[%clk 0:01:30]} 23. Bc3
{[%clk 0:01:33]} e4 {[%clk 0:01:16]} 24. fxe4 {[%clk 0:01:27]} Qxe4
{[%clk 0:01:17]} 25. Kh1 {[%clk 0:01:21]} Rxf1+ {[%clk 0:01:12]} 26. Qxf1
{[%clk 0:01:15]} Ne2 {[%clk 0:01:07]} 27. Re1 {[%clk 0:00:51]} Ng3+
{[%clk 0:01:04]} 28. Kg1 {[%clk 0:00:52]} Bd4+ {[%clk 0:01:04]} 29. Bxd4
{[%clk 0:00:52]} Qxd4+ {[%clk 0:01:05]} 30. Qf2 {[%clk 0:00:53]} Rb8
{[%clk 0:00:50]} 31. Nf3 {[%clk 0:00:48]} Qxf2+ {[%clk 0:00:46]} 32. Kxf2
{[%clk 0:00:49]} Nf5 {[%clk 0:00:47]} 33. Re2 {[%clk 0:00:47]} Rb4
{[%clk 0:00:41]} 34. Rc2 {[%clk 0:00:39]} Kg7 {[%clk 0:00:40]} 35. g4
{[%clk 0:00:36]} Ne7 {[%clk 0:00:40]} 36. Ne1 {[%clk 0:00:36]} Ng6
{[%clk 0:00:41]} 37. Nd3 {[%clk 0:00:37]} Rb8 {[%clk 0:00:40]} 38. Re2
{[%clk 0:00:36]} Rf8+ {[%clk 0:00:40]} 39. Kg3 {[%clk 0:00:31]} Rf7
{[%clk 0:00:40]} 40. b3 {[%clk 0:00:30]} a3 {[%clk 0:00:39]} 41. Re1
{[%clk 0:00:23]} Nh4 {[%clk 0:00:35]} 42. Re3 {[%clk 0:00:20]} Rf1
{[%clk 0:00:33]} 43. Ne1 {[%clk 0:00:13]} Ng6 {[%clk 0:00:29]} 44. Kg2
{[%clk 0:00:13]} Rf7 {[%clk 0:00:25]} 45. Nc2 {[%clk 0:00:14]} Ne5
{[%clk 0:00:20]} 46. Nxa3 {[%clk 0:00:14]} Rf4 {[%clk 0:00:17]} 47. Nb5
{[%clk 0:00:15]} Rf7 {[%clk 0:00:16]} 48. Nc3 {[%clk 0:00:17]} Rf8
{[%clk 0:00:13]} 49. Nb5 {[%clk 0:00:18]} Rf7 {[%clk 0:00:14]} 50. a4
{[%clk 0:00:19]} Rd7 {[%clk 0:00:08]} 51. a5 {[%clk 0:00:20]} c6 {[%clk 0:00:09]}
52. dxc6 {[%clk 0:00:20]} Nxc6 {[%clk 0:00:10]} 53. a6 {[%clk 0:00:20]} Kf7
{[%clk 0:00:07]} 54. Re2 {[%clk 0:00:19]} Kf8 {[%clk 0:00:06]} 55. Re1
{[%clk 0:00:20]} Kf7 {[%clk 0:00:07]} 56. Ra1 {[%clk 0:00:21]} Na7
{[%clk 0:00:08]} 57. Rd1 {[%clk 0:00:21]} Ke7 {[%clk 0:00:09]} 58. Re1+
{[%clk 0:00:21]} Kf7 {[%clk 0:00:11]} 59. Rf1+ {[%clk 0:00:21]} Ke7
{[%clk 0:00:12]} 60. Nc3 {[%clk 0:00:22]} Nc6 {[%clk 0:00:08]} 61. Nd5+
{[%clk 0:00:23]} Ke6 {[%clk 0:00:07]} 62. Rf8 {[%clk 0:00:22]} Ra7
{[%clk 0:00:07]} 63. Rh8 {[%clk 0:00:21]} Rxa6 {[%clk 0:00:07]} 64. Nc7+
{[%clk 0:00:21]} Kd5 1-0

[Event "Blitz 2018"]
[Site "Saint-Petersburg"]
[Date "2018.12.29"]
[Round "3"]
[Board "29"]
[White "Chernyak Viktoria (RUS)"]
[Black "Dordzhieva Dinara (RUS)"]
[Result "1-0"]
[BlackElo "2311"]
[WhiteElo "2150"]
[LiveChessVersion "1.4.8"]

1. c4 {[%clk 0:03:03]} e6 {[%clk 0:03:03]} 2. Nf3 {[%clk 0:03:03]} d5
{[%clk 0:03:04]} 3. g3 {[%clk 0:03:04]} Nf6 {[%clk 0:03:04]} 4. Bg2
{[%clk 0:03:05]} d4 {[%clk 0:03:06]} 5. O-O {[%clk 0:03:01]} c5 {[%clk 0:03:07]}
6. d3 {[%clk 0:02:52]} Nc6 {[%clk 0:03:08]} 7. a3 {[%clk 0:02:54]} Be7
{[%clk 0:02:56]} 8. Nbd2 {[%clk 0:02:47]} O-O {[%clk 0:02:55]} 9. Rb1
{[%clk 0:02:27]} a5 {[%clk 0:02:56]} 10. Ng5 {[%clk 0:02:22]} e5 {[%clk 0:02:54]}
11. Nge4 {[%clk 0:02:20]} Nd7 {[%clk 0:02:55]} 12. f4 {[%clk 0:02:15]} f5
{[%clk 0:02:52]} 13. Nf2 {[%clk 0:02:16]} exf4 {[%clk 0:02:42]} 14. gxf4
{[%clk 0:02:17]} Bd6 {[%clk 0:02:40]} 15. Nf3 {[%clk 0:02:15]} Nf6
{[%clk 0:02:35]} 16. e3 {[%clk 0:01:57]} dxe3 {[%clk 0:02:28]} 17. Bxe3
{[%clk 0:01:58]} Re8 {[%clk 0:02:16]} 18. Bd2 {[%clk 0:01:49]} Kh8
{[%clk 0:02:10]} 19. Re1 {[%clk 0:01:46]} Be6 {[%clk 0:02:10]} 20. Ne5
{[%clk 0:01:28]} Qc7 {[%clk 0:01:50]} 21. Bc3 {[%clk 0:01:28]} Nd4
{[%clk 0:01:50]} 22. b4 {[%clk 0:01:24]} axb4 {[%clk 0:01:15]} 23. axb4 Ra7 24.
Nh3 {[%clk 0:01:05]} Bg8 {[%clk 0:00:51]} 25. bxc5 {[%clk 0:00:58]} Bxc5
{[%clk 0:00:38]} 26. Kh1 {[%clk 0:00:59]} Ne6 {[%clk 0:00:34]} 27. d4
{[%clk 0:00:56]} Bd6 {[%clk 0:00:31]} 28. c5 {[%clk 0:00:34]} Bxe5
{[%clk 0:00:31]} 29. Rxe5 {[%clk 0:00:28]} Ng4 {[%clk 0:00:27]} 30. Rxf5
{[%clk 0:00:24]} Ne3 {[%clk 0:00:27]} 31. Qh5 {[%clk 0:00:25]} Nxf5
{[%clk 0:00:15]} 32. Qxe8 {[%clk 0:00:25]} Nh4 {[%clk 0:00:11]} 33. Bd5
{[%clk 0:00:18]} Qf7 {[%clk 0:00:05]} 34. Qxf7 {[%clk 0:00:08]} Bxf7
{[%clk 0:00:07]} 35. Rxb7 {[%clk 0:00:08]} Rxb7 {[%clk 0:00:04]} 36. Bxb7
{[%clk 0:00:08]} Nd8 {[%clk 0:00:06]} 37. Be4 {[%clk 0:00:08]} g6
{[%clk 0:00:03]} 38. d5+ {[%clk 0:00:55]} Kg8 {[%clk 0:00:06]} 39. c6
{[%clk 0:00:55]} Nxc6 40. dxc6 Be6 {[%clk 0:00:10]} 41. Ng5 {[%clk 0:00:55]} Bd5
42. Bxd5+ {[%clk 0:00:52]} Kf8 {[%clk 0:00:11]} 43. Nxh7+ {[%clk 0:00:52]} Ke8
{[%clk 0:00:13]} 44. Bf6 {[%clk 0:00:45]} Nf5 {[%clk 0:00:13]} 45. Be5
{[%clk 0:00:35]} Ne3 {[%clk 0:00:13]} 46. Be4 {[%clk 0:00:34]} Nf5
{[%clk 0:00:13]} 47. Bxf5 {[%clk 0:00:27]} gxf5 {[%clk 0:00:14]} 48. Nf6+
{[%clk 0:00:27]} Kd8 {[%clk 0:00:15]} 49. c7+ {[%clk 0:00:27]} Kc8
{[%clk 0:00:16]} 50. Kg2 {[%clk 0:00:24]} Kb7 {[%clk 0:00:17]} 51. Kg3
{[%clk 0:00:25]} Kc6 {[%clk 0:00:17]} 52. Kh4 {[%clk 0:00:25]} Kd5 1-0

[Event "Blitz 2018"]
[Site "Saint-Petersburg"]
[Date "2018.12.29"]
[Round "3"]
[Board "51"]
[White "Charochkina Daria (RUS)"]
[Black "Stetsko Lanita (BLR)"]
[Result "1-0"]
[BlackElo "2086"]
[WhiteElo "2323"]
[LiveChessVersion "1.4.8"]

1. d4 {[%clk 0:03:03]} Nf6 {[%clk 0:03:03]} 2. c4 {[%clk 0:03:04]} e6
{[%clk 0:03:04]} 3. Nc3 {[%clk 0:03:06]} Bb4 {[%clk 0:03:05]} 4. Qc2
{[%clk 0:03:07]} b6 {[%clk 0:03:06]} 5. e4 {[%clk 0:03:07]} c5 {[%clk 0:02:56]}
6. d5 {[%clk 0:03:08]} Qe7 {[%clk 0:02:56]} 7. Nge2 {[%clk 0:03:00]} O-O
{[%clk 0:02:41]} 8. Bd2 {[%clk 0:03:01]} exd5 {[%clk 0:02:33]} 9. exd5
{[%clk 0:03:01]} d6 {[%clk 0:02:28]} 10. f3 {[%clk 0:02:55]} Qe5 {[%clk 0:01:41]}
11. Bf4 {[%clk 0:02:28]} Qe7 {[%clk 0:01:21]} 12. O-O-O {[%clk 0:02:26]} Nbd7
{[%clk 0:01:23]} 13. Ng3 {[%clk 0:02:21]} Ne5 {[%clk 0:01:21]} 14. Kb1
{[%clk 0:02:13]} Ng6 {[%clk 0:00:56]} 15. Bd2 {[%clk 0:02:03]} Ne5
{[%clk 0:00:49]} 16. Be2 {[%clk 0:02:00]} a6 {[%clk 0:00:50]} 17. Rhe1
{[%clk 0:02:00]} Qc7 {[%clk 0:00:43]} 18. a3 {[%clk 0:01:20]} Bxc3
{[%clk 0:00:31]} 19. Bxc3 {[%clk 0:01:21]} b5 {[%clk 0:00:30]} 20. f4
{[%clk 0:01:10]} Nxc4 {[%clk 0:00:30]} 21. Bxc4 {[%clk 0:01:09]} bxc4
{[%clk 0:00:31]} 22. Bxf6 {[%clk 0:01:10]} gxf6 {[%clk 0:00:32]} 23. Nh5
{[%clk 0:01:06]} Qd8 {[%clk 0:00:09]} 24. Qc3 {[%clk 0:01:06]} Bf5+
{[%clk 0:00:10]} 25. Ka1 {[%clk 0:01:07]} Bg6 {[%clk 0:00:05]} 26. Nxf6+ Kh8 27.
Re3 {[%clk 0:00:46]} Rb8 {[%clk 0:00:05]} 28. Nxh7+ {[%clk 0:00:44]} Bxh7
{[%clk 0:00:00]} 1-0

[Event "Blitz 2018"]
[Site "Saint-Petersburg"]
[Date "2018.12.29"]
[Round "4"]
[Board "4"]
[White "Bodnaruk Anastasia (RUS)"]
[Black "Harika Dronavalli (IND)"]
[Result "1-0"]
[BlackElo "2490"]
[WhiteElo "2366"]
[LiveChessVersion "1.4.8"]

1. e4 {[%clk 0:03:02]} e6 {[%clk 0:03:03]} 2. d4 {[%clk 0:03:04]} d5
{[%clk 0:03:04]} 3. Nc3 {[%clk 0:03:04]} Bb4 {[%clk 0:03:04]} 4. e5
{[%clk 0:03:05]} c5 {[%clk 0:03:05]} 5. a3 {[%clk 0:03:06]} Bxc3+
{[%clk 0:03:05]} 6. bxc3 {[%clk 0:03:07]} Qc7 {[%clk 0:03:05]} 7. Nf3
{[%clk 0:02:59]} b6 {[%clk 0:03:04]} 8. h4 {[%clk 0:02:45]} h6 {[%clk 0:02:51]}
9. a4 {[%clk 0:02:39]} Nc6 {[%clk 0:02:03]} 10. h5 {[%clk 0:02:23]} Nge7
{[%clk 0:02:03]} 11. Rh4 {[%clk 0:02:16]} Na5 {[%clk 0:01:45]} 12. Rf4
{[%clk 0:02:10]} Bd7 {[%clk 0:01:32]} 13. Bd3 {[%clk 0:01:47]} Nc4
{[%clk 0:01:00]} 14. Rg4 {[%clk 0:01:41]} cxd4 {[%clk 0:00:34]} 15. cxd4
{[%clk 0:01:40]} Nf5 {[%clk 0:00:33]} 16. Bxf5 {[%clk 0:01:23]} exf5
{[%clk 0:00:34]} 17. Rxg7 {[%clk 0:01:20]} Be6 {[%clk 0:00:36]} 18. Kf1
{[%clk 0:01:02]} O-O-O {[%clk 0:00:35]} 19. Nd2 {[%clk 0:00:43]} Rdg8
{[%clk 0:00:19]} 20. Rxg8+ {[%clk 0:00:43]} Rxg8 21. Nb3 {[%clk 0:00:39]} Qe7
{[%clk 0:00:14]} 22. g3 {[%clk 0:00:39]} f4 {[%clk 0:00:13]} 23. Bxf4
{[%clk 0:00:38]} Bh3+ {[%clk 0:00:14]} 24. Kg1 {[%clk 0:00:33]} Qe6
{[%clk 0:00:16]} 25. a5 {[%clk 0:00:29]} Qf5 {[%clk 0:00:17]} 26. Qf3
{[%clk 0:00:24]} Bg4 {[%clk 0:00:17]} 27. Qxd5 {[%clk 0:00:23]} Qxh5
{[%clk 0:00:14]} 28. Qxc4+ {[%clk 0:00:16]} Kd7 {[%clk 0:00:14]} 29. Qd5+
{[%clk 0:00:13]} Ke8 {[%clk 0:00:15]} 30. Nd2 {[%clk 0:00:13]} Kf8
{[%clk 0:00:13]} 31. axb6 {[%clk 0:00:14]} Be6 {[%clk 0:00:11]} 32. Qd8+
{[%clk 0:00:13]} Kg7 {[%clk 0:00:12]} 33. Qf6+ {[%clk 0:00:14]} Kh7
{[%clk 0:00:13]} 34. bxa7 {[%clk 0:00:15]} Bd5 {[%clk 0:00:14]} 35. f3
{[%clk 0:00:13]} Qh3 {[%clk 0:00:15]} 36. Kf2 {[%clk 0:00:13]} Qh2+
{[%clk 0:00:16]} 37. Ke3 {[%clk 0:00:15]} Rxg3 {[%clk 0:00:16]} 38. Bxg3
{[%clk 0:00:16]} Qxg3 {[%clk 0:00:17]} 39. Qf5+ {[%clk 0:00:17]} Kg7
{[%clk 0:00:18]} 40. a8=Q {[%clk 0:00:11]} Bxa8 {[%clk 0:00:19]} 41. Rxa8
{[%clk 0:00:12]} Qe1+ {[%clk 0:00:18]} 42. Ke4 1-0

[Event "Blitz 2018"]
[Site "Saint-Petersburg"]
[Date "2018.12.29"]
[Round "4"]
[Board "7"]
[White "Tan Zhongyi (CHN)"]
[Black "Mamedjarova Turkan (AZE)"]
[Result "1-0"]
[BlackElo "2300"]
[WhiteElo "2494"]
[LiveChessVersion "1.4.8"]

1. d4 {[%clk 0:03:03]} d5 {[%clk 0:03:03]} 2. c4 {[%clk 0:03:04]} e6
{[%clk 0:03:04]} 3. Nc3 {[%clk 0:03:05]} Nf6 {[%clk 0:03:06]} 4. Bg5
{[%clk 0:03:05]} Be7 {[%clk 0:03:07]} 5. e3 {[%clk 0:03:06]} O-O {[%clk 0:03:06]}
6. Nf3 {[%clk 0:03:05]} c6 {[%clk 0:03:05]} 7. Rc1 {[%clk 0:03:01]} Nbd7
{[%clk 0:02:51]} 8. Bd3 {[%clk 0:02:57]} dxc4 {[%clk 0:02:50]} 9. Bxc4
{[%clk 0:02:58]} Nd5 {[%clk 0:02:51]} 10. Bxe7 {[%clk 0:02:56]} Qxe7
{[%clk 0:02:52]} 11. O-O {[%clk 0:02:55]} Nxc3 {[%clk 0:02:32]} 12. Rxc3
{[%clk 0:02:56]} e5 {[%clk 0:02:33]} 13. Bb3 {[%clk 0:02:41]} e4 {[%clk 0:02:26]}
14. Nd2 {[%clk 0:02:42]} Nb6 {[%clk 0:01:58]} 15. Qc2 {[%clk 0:02:19]} Re8
{[%clk 0:01:56]} 16. Rc5 {[%clk 0:02:20]} Qh4 {[%clk 0:01:10]} 17. f3
{[%clk 0:01:27]} exf3 {[%clk 0:01:08]} 18. Nxf3 {[%clk 0:01:28]} Qe7
{[%clk 0:00:44]} 19. Ne5 {[%clk 0:01:24]} Be6 {[%clk 0:00:43]} 20. Rxf7
{[%clk 0:01:06]} Bxf7 {[%clk 0:00:36]} 21. Bxf7+ {[%clk 0:01:05]} Kh8
{[%clk 0:00:36]} 22. Qf5 {[%clk 0:00:24]} Qh4 {[%clk 0:00:28]} 23. Nf3
{[%clk 0:00:14]} Qh6 {[%clk 0:00:29]} 24. Bxe8 {[%clk 0:00:08]} Qxe3+
{[%clk 0:00:29]} 25. Kh1 {[%clk 0:00:05]} Rxe8 {[%clk 0:00:30]} 26. h3
{[%clk 0:00:06]} Nd5 {[%clk 0:00:28]} 27. Ne5 {[%clk 0:00:04]} Qxd4
{[%clk 0:00:21]} 28. Nf7+ {[%clk 0:00:04]} Kg8 {[%clk 0:00:22]} 29. Rc1
{[%clk 0:00:04]} Qf6 {[%clk 0:00:22]} 30. Qxf6 {[%clk 0:00:04]} gxf6
{[%clk 0:00:23]} 31. Nd6 {[%clk 0:00:05]} Re7 {[%clk 0:00:24]} 32. Nf5
{[%clk 0:00:06]} Re2 {[%clk 0:00:25]} 33. b3 {[%clk 0:00:04]} Rxa2
{[%clk 0:00:26]} 34. Re1 {[%clk 0:00:05]} Kf7 {[%clk 0:00:27]} 35. Nd6+
{[%clk 0:00:06]} Kg6 {[%clk 0:00:28]} 36. Nxb7 {[%clk 0:00:07]} Rb2
{[%clk 0:00:28]} 37. Na5 {[%clk 0:00:08]} c5 {[%clk 0:00:28]} 38. Rc1
{[%clk 0:00:08]} Nf4 {[%clk 0:00:28]} 39. Rc4 {[%clk 0:00:10]} Kg5
{[%clk 0:00:22]} 40. Rxc5+ {[%clk 0:00:11]} Kh4 {[%clk 0:00:23]} 41. Rc4
{[%clk 0:00:11]} Kg3 {[%clk 0:00:24]} 42. Rc3+ {[%clk 0:00:12]} Kh4
{[%clk 0:00:23]} 43. g3+ {[%clk 0:00:13]} Kxh3 {[%clk 0:00:23]} 44. gxf4+
{[%clk 0:00:14]} Kg4 {[%clk 0:00:25]} 45. Nc6 {[%clk 0:00:14]} a6
{[%clk 0:00:24]} 46. Nd4 {[%clk 0:00:11]} Kxf4 {[%clk 0:00:24]} 47. Rh3
{[%clk 0:00:11]} Ke4 {[%clk 0:00:23]} 48. Ne6 {[%clk 0:00:12]} f5
{[%clk 0:00:23]} 49. Nc5+ {[%clk 0:00:13]} Kd5 {[%clk 0:00:24]} 50. Nxa6
{[%clk 0:00:13]} f4 {[%clk 0:00:25]} 51. Kg1 {[%clk 0:00:14]} Ke4
{[%clk 0:00:26]} 52. Nc5+ {[%clk 0:00:15]} Kd4 {[%clk 0:00:27]} 53. Ne6+
{[%clk 0:00:16]} Ke4 {[%clk 0:00:29]} 54. Ng5+ {[%clk 0:00:17]} Kd4
{[%clk 0:00:29]} 55. Nxh7 {[%clk 0:00:17]} Ke4 {[%clk 0:00:30]} 56. Ng5+ Kf5 57.
Nf7 {[%clk 0:00:15]} Kg4 {[%clk 0:00:33]} 58. Rc3 {[%clk 0:00:16]} Rb1+
{[%clk 0:00:33]} 59. Kf2 {[%clk 0:00:16]} Rb2+ {[%clk 0:00:34]} 60. Ke1
{[%clk 0:00:16]} Kf5 {[%clk 0:00:30]} 61. Nd6+ {[%clk 0:00:17]} Kg4
{[%clk 0:00:31]} 62. Nc4 {[%clk 0:00:17]} Ra2 {[%clk 0:00:31]} 63. Ne5+
{[%clk 0:00:18]} Kf5 64. Nf3 {[%clk 0:00:18]} Ke4 {[%clk 0:00:34]} 65. Nd2+
{[%clk 0:00:18]} Kd4 {[%clk 0:00:35]} 66. Rf3 {[%clk 0:00:18]} Ke5
{[%clk 0:00:34]} 67. Ke2 {[%clk 0:00:19]} Ra8 {[%clk 0:00:31]} 68. Rh3
{[%clk 0:00:20]} Rg8 {[%clk 0:00:31]} 69. Rh5+ {[%clk 0:00:18]} Kd4
{[%clk 0:00:33]} 70. Rh2 {[%clk 0:00:17]} Kc3 {[%clk 0:00:33]} 71. Rh3+
{[%clk 0:00:16]} Kd4 {[%clk 0:00:31]} 72. Rd3+ {[%clk 0:00:15]} Kc5
{[%clk 0:00:31]} 73. Ne4+ Kb4 74. Nd2 {[%clk 0:00:13]} Rg2+ {[%clk 0:00:32]} 75.
Kf3 {[%clk 0:00:13]} Rg3+ {[%clk 0:00:33]} 76. Ke4 {[%clk 0:00:14]} Rg4
{[%clk 0:00:30]} 77. Kf5 {[%clk 0:00:14]} Rg3 {[%clk 0:00:31]} 78. Rd4+
{[%clk 0:00:13]} f3 {[%clk 0:00:29]} 1-0

[Event "Blitz 2018"]
[Site "Saint-Petersburg"]
[Date "2018.12.29"]
[Round "4"]
[Board "49"]
[White "Shaydullina Sandugach (RUS)"]
[Black "Bezgodova Svetlana (RUS)"]
[Result "1/2-1/2"]
[BlackElo "2184"]
[WhiteElo "2057"]
[LiveChessVersion "1.4.8"]

1. d4 {[%clk 0:03:02]} Nf6 {[%clk 0:03:02]} 2. Nf3 {[%clk 0:03:02]} c6
{[%clk 0:03:02]} 3. c4 {[%clk 0:03:02]} d6 {[%clk 0:03:02]} 4. Nc3
{[%clk 0:03:02]} Nbd7 {[%clk 0:03:02]} 5. e4 {[%clk 0:03:02]} e5 {[%clk 0:03:03]}
6. Be2 {[%clk 0:03:01]} Be7 {[%clk 0:03:04]} 7. O-O {[%clk 0:03:01]} O-O
{[%clk 0:03:04]} 8. Re1 {[%clk 0:03:02]} a6 {[%clk 0:03:03]} 9. a4
{[%clk 0:03:02]} a5 {[%clk 0:03:04]} 10. h3 {[%clk 0:03:00]} Re8 {[%clk 0:03:05]}
11. Be3 {[%clk 0:03:00]} exd4 {[%clk 0:03:05]} 12. Nxd4 {[%clk 0:03:00]} Nc5
{[%clk 0:03:06]} 13. Qc2 {[%clk 0:02:54]} Qb6 {[%clk 0:02:58]} 14. Rad1
{[%clk 0:02:45]} Bf8 {[%clk 0:02:57]} 15. f3 {[%clk 0:02:35]} Bd7
{[%clk 0:02:58]} 16. Bf1 {[%clk 0:02:26]} Rad8 {[%clk 0:02:58]} 17. Bf2
{[%clk 0:02:21]} Bc8 {[%clk 0:02:58]} 18. g4 {[%clk 0:02:19]} Nfd7
{[%clk 0:02:59]} 19. f4 {[%clk 0:02:13]} Nb8 {[%clk 0:03:00]} 20. Nf5
{[%clk 0:02:01]} Nba6 {[%clk 0:02:49]} 21. Bd4 {[%clk 0:01:50]} Qb3
{[%clk 0:01:43]} 22. Qxb3 {[%clk 0:01:39]} Nxb3 {[%clk 0:01:43]} 23. Bb6
{[%clk 0:01:40]} Rd7 {[%clk 0:01:44]} 24. Re3 {[%clk 0:01:17]} g6
{[%clk 0:01:38]} 25. Ng3 {[%clk 0:01:09]} Nac5 {[%clk 0:01:27]} 26. Kh2
{[%clk 0:00:46]} Bg7 {[%clk 0:01:28]} 27. Nge2 {[%clk 0:00:40]} Bf8
{[%clk 0:01:09]} 28. Bg2 {[%clk 0:00:37]} f6 {[%clk 0:01:09]} 29. Kg3
{[%clk 0:00:34]} Rf7 {[%clk 0:01:06]} 30. Kf2 {[%clk 0:00:31]} Be6
{[%clk 0:01:07]} 31. f5 {[%clk 0:00:21]} Bxc4 {[%clk 0:01:07]} 32. Nf4
{[%clk 0:00:16]} Kg7 {[%clk 0:00:56]} 33. Bf1 {[%clk 0:00:14]} Bxf1 34. Kxf1 Nd7
{[%clk 0:00:49]} 35. Bc7 {[%clk 0:00:11]} d5 {[%clk 0:00:45]} 36. Ne6+
{[%clk 0:00:11]} Kg8 {[%clk 0:00:40]} 37. exd5 {[%clk 0:00:11]} Nbc5
{[%clk 0:00:39]} 38. Bf4 {[%clk 0:00:08]} cxd5 {[%clk 0:00:40]} 39. Nxd5
{[%clk 0:00:08]} Nxa4 {[%clk 0:00:38]} 40. Ra3 {[%clk 0:00:07]} Nac5
{[%clk 0:00:35]} 41. Ndc7 {[%clk 0:00:06]} Rc8 {[%clk 0:00:33]} 42. Nb5
{[%clk 0:00:03]} b6 {[%clk 0:00:30]} 43. Nxf8 Kxf8 {[%clk 0:00:30]} 44. Nd6
{[%clk 0:00:04]} Re8 {[%clk 0:00:27]} 45. Nxf7 {[%clk 0:00:05]} Kxf7
{[%clk 0:00:28]} 46. Rc3 {[%clk 0:00:05]} Re7 {[%clk 0:00:28]} 47. Bd6
{[%clk 0:00:06]} Re4 {[%clk 0:00:28]} 48. Bxc5 {[%clk 0:00:06]} Nxc5
{[%clk 0:00:29]} 49. Rd8 {[%clk 0:00:06]} gxf5 {[%clk 0:00:30]} 50. gxf5
{[%clk 0:00:08]} Rf4+ {[%clk 0:00:31]} 51. Kg2 {[%clk 0:00:08]} Rxf5
{[%clk 0:00:33]} 52. Rb8 {[%clk 0:00:08]} Nd7 {[%clk 0:00:29]} 53. Rb7
{[%clk 0:00:09]} Rd5 {[%clk 0:00:30]} 54. Rcc7 {[%clk 0:00:09]} Ke6
{[%clk 0:00:30]} 55. Rc6+ {[%clk 0:00:10]} Rd6 {[%clk 0:00:31]} 56. Rc8
{[%clk 0:00:10]} h5 {[%clk 0:00:28]} 57. Re8+ {[%clk 0:00:11]} Kd5
{[%clk 0:00:29]} 58. Re7 {[%clk 0:00:10]} Kc6 {[%clk 0:00:29]} 59. Ra7
{[%clk 0:00:10]} Rd2+ {[%clk 0:00:27]} 60. Kg3 {[%clk 0:00:11]} Nc5
{[%clk 0:00:26]} 61. Rf7 {[%clk 0:00:11]} Kb5 {[%clk 0:00:23]} 62. Kh4
{[%clk 0:00:11]} Rxb2 {[%clk 0:00:19]} 63. Kxh5 {[%clk 0:00:11]} Ne4
{[%clk 0:00:17]} 64. h4 {[%clk 0:00:11]} Rh2 {[%clk 0:00:15]} 65. Rh7
{[%clk 0:00:11]} a4 {[%clk 0:00:16]} 66. Kg6 {[%clk 0:00:11]} Rg2+
{[%clk 0:00:15]} 67. Kf5 {[%clk 0:00:11]} Nd6+ {[%clk 0:00:16]} 68. Kxf6
{[%clk 0:00:10]} Kb4 {[%clk 0:00:15]} 69. Ke6 {[%clk 0:00:10]} Nc4
{[%clk 0:00:16]} 70. h5 {[%clk 0:00:10]} Rh2 {[%clk 0:00:17]} 71. h6
{[%clk 0:00:11]} a3 {[%clk 0:00:17]} 72. Rh8 {[%clk 0:00:11]} Na5
{[%clk 0:00:18]} 73. Rg7 {[%clk 0:00:09]} a2 {[%clk 0:00:17]} 74. Rg1
{[%clk 0:00:09]} Nb3 {[%clk 0:00:17]} 75. h7 {[%clk 0:00:09]} Nd2
{[%clk 0:00:13]} 76. Ra1 {[%clk 0:00:08]} Ka3 {[%clk 0:00:11]} 77. Ra8+
{[%clk 0:00:09]} Kb3 {[%clk 0:00:12]} 78. h8=Q {[%clk 0:00:08]} Rxh8
{[%clk 0:00:13]} 79. Rxh8 {[%clk 0:00:09]} Kb2 {[%clk 0:00:14]} 80. Rhh1
{[%clk 0:00:08]} b5 {[%clk 0:00:12]} 81. Rxa2+ {[%clk 0:00:08]} Kxa2
{[%clk 0:00:14]} 82. Rh2 {[%clk 0:00:09]} b4 {[%clk 0:00:14]} 83. Rxd2+
{[%clk 0:00:09]} Ka1 {[%clk 0:00:13]} 84. Kd5 {[%clk 0:00:10]} b3 85. Kc4 b2
{[%clk 0:00:11]} 86. Rd1+ {[%clk 0:00:08]} b1=Q {[%clk 0:00:11]} 87. Rxb1+
{[%clk 0:00:08]} Kxb1 {[%clk 0:00:11]} 1/2-1/2